000 00881nam a2200229Ia 4500
001 15525
003 GE_BSU
008 181216s||||||||xx |||||||||||||| ||und||
040 _cGE_BSU
080 _a821.353.1-32+821.353.1-4
100 _aჩიქოვანი,გრიგოლ
245 _aსიყვარული: მოთხრობები და ნარკვევები
245 _bმოთხრობები და ნარკვევები
245 _cრედ.თ.კოპლატაძე. მხატვ.ნ.იანქოშვილი
260 _aთბილისი
260 _bსაბჭოთა მწერალი
260 _c1958
300 _a600გვ.20სმ.
653 _aმოთხრობები და ნარკვევები
653 _aსიყვარული
942 _cBK
999 _c48625
_d48625